ARRUPE JESUIT UNIVERSITY

CORONAVIRUS -STOP THE SPREAD - CLEAN,DISINFECT,COVER

A Summa of the Summa (Record no. 20984)

MARC details
000 -LEADER
fixed length control field 00592nam a2200205Ia 4500
003 - CONTROL NUMBER IDENTIFIER
control field 0100
005 - DATE AND TIME OF LATEST TRANSACTION
control field 20171017104419.0
008 - FIXED-LENGTH DATA ELEMENTS--GENERAL INFORMATION
fixed length control field 130303s9999 xx 000 0 und d
020 ## - INTERNATIONAL STANDARD BOOK NUMBER
International Standard Book Number 089870300X
040 ## - CATALOGING SOURCE
Transcribing agency ARRUPELIB
050 ## - LIBRARY OF CONGRESS CALL NUMBER
Classification number B765.T531 1990
300 ## - PHYSICAL DESCRIPTION
Other physical details 23cm
100 ## - MAIN ENTRY--PERSONAL NAME
Personal name Aquinas, Thomas, St.
9 (RLIN) 9346
245 #2 - TITLE STATEMENT
Title A Summa of the Summa
245 ## - TITLE STATEMENT
Remainder of title The essential Philosophical passages of St. Thomas Aquinas' summa theologica edited and explained for the beginners
260 ## - PUBLICATION, DISTRIBUTION, ETC. (IMPRINT)
Place of publication, distribution, etc San Francisco
260 ## - PUBLICATION, DISTRIBUTION, ETC. (IMPRINT)
Name of publisher, distributor, etc Ignatius Press
300 ## - PHYSICAL DESCRIPTION
Extent 539p.
600 ## - SUBJECT ADDED ENTRY--PERSONAL NAME
Personal name Thomas Aquinas, St. . Summa theologiae
9 (RLIN) 37142
942 00 - ADDED ENTRY ELEMENTS (KOHA)
Koha issues (borrowed), all copies 5
Source of classification or shelving scheme Library of Congress Classification
Koha item type Monograph ( Printed materials)
Holdings
Withdrawn status Lost status Source of classification or shelving scheme Damaged status Not for loan Collection code Home library Current library Shelving location Date acquired Total Checkouts Full call number Barcode Date last seen Date checked out Copy number Price effective from Koha item type Checked out
    Library of Congress Classification     Main Collection ARRUPE LIBRARY ARRUPE LIBRARY Main Collection 04/03/2013 7 B765.T531 S8 K92 1990 46003024840 02/02/2026 19/01/2026 1 04/03/2013 Monograph ( Printed materials)  
    Library of Congress Classification     Main Collection ARRUPE LIBRARY ARRUPE LIBRARY Main Collection 04/03/2013 5 B765.T531 S8 K92 1990 46403697 24/02/2026 24/02/2026 2 04/03/2013 Monograph ( Printed materials) 10/03/2026

 

Arrupe Library. PO Box MP320 Mt Pleasant, Harare, Zimbabwe
263 242 745411|librarian@aju.ac.zw